Statystyki dla TOP 50 POLSKIE DISCO POLO

Kliknij tutaj aby rozwiązać quiz!

Ogólne statystyki

  • Ten quiz został rozwiązany 380 razy
  • Średni wynik to 10 z 50

Statystyki odpowiedzi

Ilość WyświetleńTytuł Piosenki% Poprawnych
200 mlnPrzez Twe Oczy Zielone
94%
243 mlnMiłość w Zakopanem
59%
133 mlnOna Tańczy Dla Mnie
55%
131 mlnRuda Tańczy Jak Szalona
47%
80 mlnSzalona Ruda
44%
97 mlnPrzekorny Los
40%
106 mlnMałolatki
36%
186 mlnMama Ostrzegała
34%
133 mlnKrólowa
32%
73 mlnMiód Malina
32%
95 mlnNiespotykany Kolor
32%
92 mlnŻono Moja
31%
99 mlnAle Ale Aleksandra
29%
64 mlnOna Lubi Pomarańcze
29%
188 mlnOna By Tak Chciała
28%
118 mlnZbuntowany Anioł
27%
101 mlnOna Czuje We Mnie Piniądz
25%
83 mlnŁowcy Gwiazd
23%
83 mlnTańcz Tańcz Tańcz
23%
110 mlnWymarzona
23%
65 mlnNie Daj Życiu Się
22%
66 mlnMleczko
21%
90 mlnOna Jest Taka Cudowna
20%
67 mlnNiewiara
18%
60 mlnTylko Ona Jedyna
16%
92 mlnKolorowa Sukienka
15%
67 mlnNajpiękniejsza Dziewczyno
15%
117 mlnBałkanica
13%
67 mlnKocham Się W Tobie
13%
72 mlnLalunia
13%
80 mlnOddam Ci Wszystko
11%
77 mlnTy Mała Znów Zarosłaś
11%
57 mlnZa Każdą Chwilę Z Tobą
11%
86 mlnJakbyś Mnie Zechciał
10%
57 mlnNie Ma Mocnych Na Mariolę
9%
63 mlnZakochana
8%
78 mlnDziewczyna Z Gór
7%
70 mlnKamień Z Napisem Love
7%
82 mlnMy Słowianie
7%
120 mlnNa Pełnym
5%
71 mlnTego Chcesz
5%
58 mlnTak Już Bez Ciebie
4%
118 mlnDisney
3%
62 mlnDom
3%
100 mlnZa Krokiem Krok
3%
103 mln3KIPA
2%
72 mlnBrać
2%
69 mlnESSA
2%
62 mlnJessica
2%
63 mlnZygzak
1%

Rozkład punktacji

Percentyl według liczby udzielonych odpowiedzi

Procent ludzi z każdym wynikiem

Twoja historia wyników

Nie rozwiązałeś tego quizu